000 01446nam0a2200337 4500
001 RU\NLR\bibl\1672736
005 20260405152659.0
010 _a978-5-7516-0903-0
_bТекст
010 _a978-5-9953-0074-8
_bКнижники
_95000
021 _aRU
_b2010-59243
_93877
035 _a(nilc)RSL-KNO-004714303
035 _a(NLR Aleph) 001663981
090 _a999360
_c999360
100 _a20100803d2010 |||y0rusy50 ca
101 1 _arus
_cger
102 _aRU
105 _ay zzzz|||||
200 1 _aДети Бронштейна
_eроман
_fЮрек Бекер
_gпер. с нем. Марии Зоркой
210 _aМосква
_cТекст
_cКнижники
_d2010
215 _a346, [1] с.
_d17
225 1 _aПроза еврейской жизни
610 0 _aФилологические науки. Художественная литература -- ФРГ -- Литература ФРГ -- с 1949 г. -- Произведения художественной литературы -- Художественная проза -- Романы. Повести. Рассказы
686 _aШ5(4Ф)62-644
_2rubbk
686 _aШ6(4Ф)07-440.4{Лх1359.2-50}
700 1 _4070
_8rus
_7ca
_aБеккер
_bЮ.
_f1937-1997
_gЮрек
_3RU\NLR\auth\7763764
_946693
801 0 _aRU
_bРГБ
_c20100803
_grcr
801 1 _aRU
_bРГБ
_c20100803
801 2 _aRU
_bNLR
_c20100908
_grcr
942 _cBOOK
980 _aNB